000
00303nam a2200133Ia 4500
008
100328s9999 xx 000 0 und d
082
_b
73540
100
_a
Martini Steve.
245
_a
Prime Witness.
260
_b
Headline.
630
_a
Prime Witness.
730
_a
Prime Witness.
942
_c
BOOK
999
_c
559261
_d
559258